| 000 | 00784nam a2200265 a 4500 | ||
|---|---|---|---|
| 001 | 54561 | ||
| 003 | BD-RJUL | ||
| 005 | 20211209080134.0 | ||
| 008 | 161107s1973 enka b 001 0 eng d | ||
| 020 | _a019285061X | ||
| 035 | _aBD-RjUL54683 | ||
| 040 |
_aBD-RjUL _beng _cBD-RjUL |
||
| 041 | _aeng | ||
| 082 |
_223 _a963 _bULE 1973 |
||
| 100 | 1 |
_aUllendorff, Edward. _9162750 |
|
| 245 | 1 | 4 |
_aThe Ethiopians : _ban introduction to country and people / _cEdward Ullendorf |
| 250 | _a3rd ed | ||
| 260 |
_aOxford University Press : _bLondon, _c1973 |
||
| 300 |
_axiv, 239 p. : _bill. ; _c21 cm |
||
| 504 | _aBibliographical references: p. [203]-219 | ||
| 651 | 0 |
_aEthiopia _9162751 |
|
| 830 | 0 |
_aOxford paperbacks ; _v282 _9162754 |
|
| 942 |
_2ddc _cBK |
||
| 999 |
_c54561 _d54561 |
||